000 01416nam0a22003131 4500
001 rc\2382541
005 20260206161953.0
035 _a(NLR Aleph) 006717926
090 _a5412513
_c5412513
100 _a20110829d1978 u y0rusy50 ca
101 0 _arus
102 _aRU
105 _aac z |||||
200 1 _aФизиология и патология репродуктивной функции женщины
_eСб. науч. тр.
_e[Посвящается 70-летию Л.С. Персианинова]
_fВНИИ акушерства и гинекологии
_g[Отв. ред. акушер-гинеколог МЗ СССР, проф. И.В. Ильин]
210 _aМосква
_cБ. и.
_d1978
215 _a320 с., 1 л. портр.
_cил.
_d22
606 _aАкушерство
_jСборники
_2psbo
606 _aГинекология
_jСборники
_2psbo
702 1 _aПерсианинов
_bЛ. С.
_gЛеонид Семенович
_4570
702 1 _aИльин
_bИ. В.
_cд-р мед. наук, акушерство
_gИгорь Викторович
_3RU\NLR\AUTH\770289680
_4340
712 0 2 _aВНИИ акушерства и гинекологии
_3RU\NLR\AUTH\889939223
801 0 _aRU
_bNLR
_gpsbo
801 1 _aRU
_bELAR
_2rusmarc
852 _aNLR
_j79-5/80
899 _aRuMoRGB
_jБ 78-11/653
899 _aRuMoRGB
_jБ 78-11/654
942 _cBOOK
980 _aNB